| 000 | 00498nam a2200181Ia 4500 | ||
|---|---|---|---|
| 008 | 240925s9999 xx 000 0 und d | ||
| 020 | _a70991340 | ||
| 082 | _a515 SCH | ||
| 100 | _aScheid, Francis | ||
| 245 | 0 | _aSchaum's Outline Series Theory and Problems of Numerical Analysis | |
| 250 | _a2nd | ||
| 260 |
_aNew York: _bMcGraw-Hill _c,1989. |
||
| 300 |
_ax,662p. _bN.A _fPirated |
||
| 500 | _aIncludes Index | ||
| 600 | _aHumanities & Natural Science | ||
| 650 | _aMathematics | ||
| 942 | _cBK | ||
| 999 |
_c3400 _d3400 |
||